Lecture notes in Mathematics / (Record no. 8531)
[ view plain ]
| 000 -LEADER | |
|---|---|
| fixed length control field | 00641nam a22002297a 4500 |
| 003 - CONTROL NUMBER IDENTIFIER | |
| control field | OSt |
| 005 - DATE AND TIME OF LATEST TRANSACTION | |
| control field | 20240617112242.0 |
| 008 - FIXED-LENGTH DATA ELEMENTS--GENERAL INFORMATION | |
| fixed length control field | 240617b |||||||| |||| 00| 0 eng d |
| 020 ## - INTERNATIONAL STANDARD BOOK NUMBER | |
| International Standard Book Number | 3540074023 |
| 020 ## - INTERNATIONAL STANDARD BOOK NUMBER | |
| International Standard Book Number | 0387074023 |
| 040 ## - CATALOGING SOURCE | |
| Transcribing agency | MUST |
| 082 ## - DEWEY DECIMAL CLASSIFICATION NUMBER | |
| Classification number | 516 |
| Item number | LEC 1975 |
| 245 ## - TITLE STATEMENT | |
| Title | Lecture notes in Mathematics / |
| Statement of responsibility, etc. | Edited by A. Dold, B.Eckman |
| 260 ## - PUBLICATION, DISTRIBUTION, ETC. (IMPRINT) | |
| Place of publication, distribution, etc. | Berlin |
| Name of publisher, distributor, etc. | Springer-Velrag |
| Date of publication, distribution, etc. | 1975 |
| 300 ## - PHYSICAL DESCRIPTION | |
| Extent | v, 282: |
| Other physical details | ill : |
| Dimensions | 23cm. |
| 504 ## - BIBLIOGRAPHY, ETC. NOTE | |
| Bibliography, etc | Includes bibliographical references and index |
| 650 ## - SUBJECT ADDED ENTRY--TOPICAL TERM | |
| Source of heading or term | Banach spaces |
| 650 ## - SUBJECT ADDED ENTRY--TOPICAL TERM | |
| Source of heading or term | vector valued measures |
| 700 ## - ADDED ENTRY--PERSONAL NAME | |
| Personal name | Dold,A |
| 9 (RLIN) | 17323 |
| 700 ## - ADDED ENTRY--PERSONAL NAME | |
| Personal name | Eckmann, B. |
| 9 (RLIN) | 17324 |
| 942 ## - ADDED ENTRY ELEMENTS (KOHA) | |
| Source of classification or shelving scheme | Dewey Decimal Classification |
| Koha item type | Open Shelf |
| Withdrawn status | Lost status | Source of classification or shelving scheme | Damaged status | Not for loan | Home library | Current library | Date acquired | Source of acquisition | Inventory number | Total Checkouts | Full call number | Barcode | Date last seen | Price effective from | Koha item type |
|---|---|---|---|---|---|---|---|---|---|---|---|---|---|---|---|
| Dewey Decimal Classification | MUST Main Library | MUST Main Library | 17/06/2024 | Purchase | 2022/41866 | 516 LEC 1975 | 2024-20630 | 17/06/2024 | 17/06/2024 | Open Shelf |
